| 000 | 00548nam a22001697a 4500 | ||
|---|---|---|---|
| 005 | 20231115095808.0 | ||
| 008 | 231115b |||||||| |||| 00| 0 eng d | ||
| 020 | _a040650041 X | ||
| 041 | _aEnglish | ||
| 082 | _a344.4 KEN | ||
| 100 |
_aKennedy, I and Grubb, A _lEnglish |
||
| 245 |
_aMedical Law : Text and Materials / _cI Kennedy and A Grubb |
||
| 260 |
_aLondon : _bButterworth and Company (Pty) Ltd, _c1989 |
||
| 300 |
_bxliii, 1224 pages ; _c25,5 cm. |
||
| 650 |
_aLegal practice _bLaw |
||
| 942 |
_cBK _6ALISON_BN_VRIES |
||
| 999 |
_c665 _d665 |
||